[Event "Catalunya-ch Seniors"]
[Site "Malgrat del Mar"]
[Date "2023.05.15"]
[Round "2"]
[White "Sole Rota, David"]
[Black "Walter Travella, German"]
[Result "1-0"]
[WhiteElo "2123"]
[BlackElo "1750"]
[PlyCount "33"]
[EventDate "2023.05.14"]
[EventType "swiss"]
[EventRounds "8"]
[EventCountry "ESP"]
[SourceTitle "CBM 214 Extra"]
[Source "ChessBase"]
[SourceDate "2023.07.31"]
[SourceVersion "1"]
[SourceVersionDate "2023.07.31"]
[SourceQuality "1"]

1. d4 Nf6 2. c4 e6 3. a3 c5 4. e3 Nc6 5. Nc3 d5 6. Nf3 b6 7. cxd5 exd5 8. Bb5 Bd7 9. dxc5 bxc5 10. 0-0 a6 11. Ba4 Ne7 12. Bc2 Qc7 13. Re1 Rd8 14. Qe2 Bc8 15. Ba4+ Nc6 16. e4 d4 17. Nd5 1-0

[Event "Barcelona La Lira op 39th"]
[Site "Barcelona"]
[Date "2023.01.27"]
[Round "2"]
[White "Perez Garcia, Adria"]
[Black "Walter Travella, German"]
[Result "1-0"]
[WhiteElo "2137"]
[BlackElo "1714"]
[PlyCount "51"]
[EventDate "2023.01.20"]
[EventType "swiss"]
[EventRounds "8"]
[EventCountry "ESP"]
[SourceTitle "CBM 213 Extra"]
[Source "ChessBase"]
[SourceDate "2023.05.31"]
[SourceVersion "1"]
[SourceVersionDate "2023.05.31"]
[SourceQuality "1"]

1. e4 Nc6 2. Nf3 Nf6 3. e5 Ng4 4. d4 d6 5. h3 Nh6 6. Bxh6 gxh6 7. Bb5 a6 8. Bxc6+ bxc6 9. 0-0 Bg7 10. Re1 Be6 11. Nbd2 0-0 12. Qe2 d5 13. Nb3 Qb8 14. a4 Bf5 15. Qd2 Kh8 16. Qc3 Qe8 17. Nc5 Rg8 18. Nh4 Bc8 19. Re3 Bf8 20. Rg3 Rxg3 21. Qxg3 e6 22. Ra3 Rb8 23. Qg4 Bxc5 24. dxc5 Qg8 25. Qf4 Qg5 26. Qxf7 1-0

[Event "Barcelona Sant Marti op-B 22nd"]
[Site "Barcelona"]
[Date "2022.07.18"]
[Round "6"]
[White "Walter Travella, German"]
[Black "Navarro Garcia, Alberto"]
[Result "1-0"]
[WhiteElo "1706"]
[BlackElo "1563"]
[PlyCount "67"]
[EventDate "2022.07.13"]
[EventType "swiss"]
[EventRounds "9"]
[EventCountry "ESP"]
[SourceTitle "CBM 210 Extra"]
[Source "ChessBase"]
[SourceDate "2022.11.30"]
[SourceVersion "1"]
[SourceVersionDate "2022.11.30"]
[SourceQuality "1"]

1. e4 c5 2. Nf3 d6 3. Bb5+ Bd7 4. Bxd7+ Nxd7 5. 0-0 Ngf6 6. Qe2 e6 7. c3 Be7 8. d4 e5 9. Na3 a6 10. Nc4 b5 11. dxe5 dxe5 12. Ncxe5 Qc7 13. Nxd7 Nxd7 14. e5 0-0 15. Bf4 Rae8 16. e6 Bd6 17. exf7+ Kxf7 18. Ng5+ Kg8 19. Bxd6 Qxd6 20. Qc2 Qh6 21. Qd2 Ne5 22. Rad1 Qg6 23. Qd5+ Kh8 24. Nh3 Rf3 25. Rfe1 Rf5 26. f4 Ref8 27. Rxe5 R5f7 28. Rde1 Rf6 29. Qd7 Rd6 30. Re8 Rdf6 31. Rxf8+ Rxf8 32. f5 Qf6 33. Nf4 h6 34. Ng6+ 1-0

[Event "Barcelona Sant Marti op-B 22nd"]
[Site "Barcelona"]
[Date "2022.07.16"]
[Round "4"]
[White "Walter Travella, German"]
[Black "Lambert Pont, Michael"]
[Result "0-1"]
[WhiteElo "1706"]
[BlackElo "1802"]
[PlyCount "120"]
[EventDate "2022.07.13"]
[EventType "swiss"]
[EventRounds "9"]
[EventCountry "ESP"]
[SourceTitle "CBM 210 Extra"]
[Source "ChessBase"]
[SourceDate "2022.11.30"]
[SourceVersion "1"]
[SourceVersionDate "2022.11.30"]
[SourceQuality "1"]

1. e4 c5 2. Nf3 Nc6 3. Bb5 g6 4. 0-0 Bg7 5. c3 Nf6 6. Re1 0-0 7. d3 d6 8. Bxc6 bxc6 9. c4 Bg4 10. h3 Bxf3 11. Qxf3 Ne8 12. Nc3 Nc7 13. Be3 Rb8 14. Qe2 Ne6 15. Qd2 Nd4 16. Rab1 Rb7 17. Bh6 e5 18. Bxg7 Kxg7 19. f4 Qa5 20. f5 f6 21. Qf2 Qb4 22. Rf1 a5 23. Nd1 a4 24. Ne3 Rbf7 25. h4 gxf5 26. Nxf5+ Nxf5 27. Qxf5 Qd2 28. Qf3 Qh6 29. Rf2 f5 30. exf5 Rxf5 31. Qg4+ Qg6 32. Rxf5 Qxg4 33. Rg5+ Qxg5 34. hxg5 Kg6 35. b4 Rb8 36. b5 Kxg5 37. Kh2 Rb6 38. bxc6 Rxc6 39. Rb7 Ra6 40. Rxh7 Kf4 41. Rf7+ Ke3 42. Rf3+ Kd4 43. g4 Ra8 44. Kg3 Rg8 45. Rf6 Rd8 46. Rf3 e4 47. dxe4 Kxc4 48. g5 Kd4 49. Kg4 Kxe4 50. Rf4+ Kd3 51. Rxa4 c4 52. Ra7 c3 53. Rc7 c2 54. g6 Kd2 55. Kf5 c1Q 56. Rxc1 Kxc1 57. a4 d5 58. Ke6 d4 59. a5 d3 60. Ke7 Ra8 0-1

[Event "Barcelona La Lira op 38th"]
[Site "Barcelona"]
[Date "2020.02.28"]
[Round "7"]
[White "Walter Travella, German"]
[Black "Padin Jimenez, Oriol"]
[Result "1-0"]
[WhiteElo "1815"]
[BlackElo "1547"]
[PlyCount "91"]
[EventDate "2020.01.17"]
[EventType "swiss"]
[EventRounds "8"]
[EventCountry "ESP"]
[SourceTitle "CBM 195 Extra"]
[Source "ChessBase"]
[SourceDate "2020.05.31"]
[SourceVersion "1"]
[SourceVersionDate "2020.05.31"]
[SourceQuality "1"]

1. e4 c5 2. Nf3 g6 3. d4 cxd4 4. Qxd4 Nf6 5. Bb5 a6 6. Ba4 b5 7. Bb3 Nc6 8. Qe3 Bg7 9. Nc3 0-0 10. h3 d6 11. Bd2 Bb7 12. 0-0-0 Na5 13. Bd5 Nxd5 14. exd5 b4 15. Na4 Nc4 16. Qd3 Qa5 17. Qxc4 Qxa4 18. Bg5 Rfc8 19. Qb3 Qxb3 20. axb3 f6 21. Be3 a5 22. Rd3 a4 23. Kd2 Ba6 24. Rd4 axb3 25. cxb3 f5 26. Rxb4 Bxb2 27. Bd4 Ba3 28. Rb6 Rcb8 29. Ra1 Rxb6 30. Bxb6 Bb4+ 31. Ke3 Bb7 32. Rxa8+ Bxa8 33. Kd4 Bb7 34. Kc4 Ba3 35. b4 Bb2 36. Bd4 Bc1 37. Be3 Bb2 38. Ng5 Bc8 39. b5 h6 40. Ne6 Kf7 41. b6 Ke8 42. Kb5 Bb7 43. Bxh6 Bxd5 44. Nc7+ Kd7 45. Nxd5 e6 46. b7 1-0

[Event "Barcelona La Lira op 38th"]
[Site "Barcelona"]
[Date "2020.01.17"]
[Round "1"]
[White "Walter Travella, German"]
[Black "Elias Arguelles, Manuel"]
[Result "1-0"]
[WhiteElo "1815"]
[BlackElo "1466"]
[PlyCount "43"]
[EventDate "2020.01.17"]
[EventType "swiss"]
[EventRounds "8"]
[EventCountry "ESP"]
[SourceTitle "CBM 195 Extra"]
[Source "ChessBase"]
[SourceDate "2020.05.31"]
[SourceVersion "1"]
[SourceVersionDate "2020.05.31"]
[SourceQuality "1"]

1. e4 c6 2. d4 d5 3. e5 Bf5 4. h4 h6 5. g4 Bh7 6. c4 e6 7. Nc3 Bb4 8. a3 Ba5 9. b4 Bc7 10. g5 Nd7 11. Bf4 Qe7 12. gxh6 Nxh6 13. Bg5 f6 14. Bxh6 gxh6 15. Qh5+ Qf7 16. Qxf7+ Kxf7 17. cxd5 cxd5 18. f4 f5 19. Nb5 Nb6 20. Nxc7 Rac8 21. Nb5 a6 22. Nd6+ 1-0

[Event "Sant Andreu Seniors"]
[Site "Barcelona"]
[Date "2019.11.09"]
[Round "7"]
[White "Walter Travella, German"]
[Black "Bohigas Santasusagna, Lluis"]
[Result "0-1"]
[WhiteElo "1924"]
[BlackElo "1939"]
[PlyCount "70"]
[EventDate "2019.09.14"]
[EventType "tourn"]
[EventRounds "9"]
[EventCountry "ESP"]
[SourceTitle "CBM 195 Extra"]
[Source "ChessBase"]
[SourceDate "2020.05.31"]
[SourceVersion "1"]
[SourceVersionDate "2020.05.31"]
[SourceQuality "1"]

1. e4 d5 2. exd5 Qxd5 3. Nc3 Qa5 4. d4 Nf6 5. Bc4 c6 6. Nf3 Bf5 7. Ne5 e6 8. Bd2 Qb6 9. Bc1 Nbd7 10. 0-0 Bd6 11. Nxd7 Nxd7 12. Bd3 Bg6 13. Re1 0-0 14. Bxg6 hxg6 15. Ne4 Be7 16. c4 Rad8 17. Be3 Qa6 18. b3 Nf6 19. Bg5 Qb6 20. Qf3 Qxd4 21. Rad1 Qb2 22. Rb1 Qxa2 23. h4 Qc2 24. Nxf6+ Bxf6 25. Bxf6 gxf6 26. Qxf6 Qf5 27. Qe7 Rd2 28. Rf1 Rxf2 29. Qxb7 Rxf1+ 30. Rxf1 Qc5+ 31. Kh2 Qd4 32. Qxc6 Qxh4+ 33. Kg1 Qd4+ 34. Kh1 Kg7 35. g3 Qb2 0-1

[Event "Catalunya-ch Seniors"]
[Site "Santa Susanna"]
[Date "2019.05.25"]
[Round "8"]
[White "Miquel Jaureguibeitia, Xavier"]
[Black "Walter Travella, German"]
[Result "1-0"]
[WhiteElo "2061"]
[BlackElo "1959"]
[PlyCount "49"]
[EventDate "2019.05.18"]
[EventType "swiss"]
[EventRounds "9"]
[EventCountry "ESP"]
[SourceTitle "CBM 190 Extra"]
[Source "ChessBase"]
[SourceDate "2019.07.15"]
[SourceVersion "1"]
[SourceVersionDate "2019.07.15"]
[SourceQuality "1"]

1. b4 e6 2. Bb2 Nf6 3. b5 d5 4. e3 e5 5. Nf3 Bd6 6. c4 0-0 7. Be2 Re8 8. 0-0 c5 9. d4 exd4 10. exd4 b6 11. Nc3 cxd4 12. Nxd5 Nxd5 13. cxd5 Bc5 14. Nxd4 Qf6 15. Bf3 Bb7 16. Qd2 Qg6 17. Nc6 Nd7 18. Rfe1 a6 19. a4 axb5 20. axb5 Rxe1+ 21. Rxe1 Ra2 22. g3 h6 23. Re8+ Nf8 24. Be4 Qg4 25. d6 1-0

[Event "Barcelona Sant Marti op-B 20th"]
[Site "Barcelona"]
[Date "2018.07.18"]
[Round "6"]
[White "Nadal Fajardo, Ricard"]
[Black "Walter Travella, German"]
[Result "1-0"]
[WhiteElo "1894"]
[BlackElo "1924"]
[PlyCount "99"]
[EventDate "2018.07.13"]
[EventType "swiss"]
[EventRounds "9"]
[EventCountry "ESP"]
[SourceTitle "EXT 2019"]
[Source "ChessBase"]
[SourceDate "2018.10.10"]
[SourceVersion "1"]
[SourceVersionDate "2018.10.10"]
[SourceQuality "1"]

1. c4 c6 2. Nf3 d5 3. Qc2 Nf6 4. b3 g6 5. Bb2 Bg7 6. g3 0-0 7. Bg2 Bf5 8. d3 dxc4 9. bxc4 Qc8 10. h3 c5 11. Ne5 Nfd7 12. Nxd7 Bxb2 13. Qxb2 Nxd7 14. Qxb7 Qxb7 15. Bxb7 Rab8 16. Bg2 Rb2 17. Nc3 Rfb8 18. 0-0 Rc2 19. Rfc1 Rbb2 20. Bf1 Ne5 21. Rxc2 Rxc2 22. Nd5 Nc6 23. a3 Rb2 24. Nc3 Nd4 25. e3 Nf3+ 26. Kg2 Ng5 27. g4 Bd7 28. Rb1 Rc2 29. Nd5 Bc6 30. Rb8+ Kg7 31. Rc8 Bxd5+ 32. cxd5 c4 33. Rxc4 Rxc4 34. dxc4 Ne4 35. Bd3 Nc5 36. Bc2 g5 37. f4 h6 38. Kf3 Kf6 39. Ke2 e5 40. dxe6 Kxe6 41. Kd2 Kd6 42. Kc3 a5 43. Kd4 f6 44. Bh7 Nb3+ 45. Ke4 Nd2+ 46. Kf5 Ke7 47. Kg6 Nxc4 48. Kxh6 Nxe3 49. fxg5 fxg5 50. Kxg5 1-0

[Event "Barcelona Sant Marti op-B 20th"]
[Site "Barcelona"]
[Date "2018.07.16"]
[Round "4"]
[White "Valarezo Ricard, Pedro"]
[Black "Walter Travella, German"]
[Result "1/2-1/2"]
[WhiteElo "1866"]
[BlackElo "1924"]
[PlyCount "68"]
[EventDate "2018.07.13"]
[EventType "swiss"]
[EventRounds "9"]
[EventCountry "ESP"]
[SourceTitle "EXT 2019"]
[Source "ChessBase"]
[SourceDate "2018.10.10"]
[SourceVersion "1"]
[SourceVersionDate "2018.10.10"]
[SourceQuality "1"]

1. d4 Nf6 2. Nf3 g6 3. Bf4 Bg7 4. Nc3 d5 5. Ne5 Nh5 6. Bd2 c5 7. e3 a6 8. Be2 Bxe5 9. dxe5 Ng7 10. 0-0 b5 11. Bf3 Bb7 12. e4 d4 13. Nd5 Nd7 14. Bf4 e6 15. Nf6+ Nxf6 16. exf6 Qxf6 17. Bd6 e5 18. Bxc5 Qc6 19. Ba3 a5 20. c3 dxc3 21. bxc3 Rd8 22. Qc1 Rd3 23. Qh6 Ne6 24. Bb2 Qc4 25. Rad1 Rxd1 26. Rxd1 Qxa2 27. Ba1 Ke7 28. Qe3 Rd8 29. Rxd8 Nxd8 30. Qe1 f6 31. Be2 b4 32. cxb4 axb4 33. Qxb4+ Kd7 34. Bb5+ Bc6 1/2-1/2

[Event "Catalunya-ch Seniors 34th"]
[Site "Lloret del Mar"]
[Date "2018.05.24"]
[Round "6"]
[White "Costa Trave, Jaume"]
[Black "Walter Travella, German"]
[Result "0-1"]
[WhiteElo "1984"]
[BlackElo "1908"]
[PlyCount "72"]
[EventDate "2018.05.19"]
[EventType "swiss"]
[EventRounds "9"]
[EventCountry "ESP"]
[SourceTitle "CBM 184 Extra"]
[Source "ChessBase"]
[SourceDate "2018.06.28"]
[SourceVersion "1"]
[SourceVersionDate "2018.06.28"]
[SourceQuality "1"]

1. f4 Nf6 2. Nf3 g6 3. e3 c5 4. d4 d5 5. c3 Bg7 6. Bd3 Qc7 7. 0-0 0-0 8. Nbd2 cxd4 9. exd4 Qxf4 10. Nc4 Qc7 11. Nce5 Nc6 12. Qe2 Nd7 13. Bf4 Ndxe5 14. dxe5 Bg4 15. Rae1 e6 16. Kh1 Qa5 17. Qc2 Bxf3 18. gxf3 d4 19. b4 Qd8 20. a3 Qh4 21. Bg3 Qh5 22. f4 Ne7 23. Be4 Nf5 24. Kg2 Ne3+ 25. Rxe3 dxe3 26. Bxb7 Rad8 27. Bf3 Qf5 28. Qxf5 Rd2+ 29. Kg1 gxf5 30. Re1 Rd3 31. Ra1 f6 32. exf6 Bxf6 33. Ra2 Rfd8 34. Be1 Bxc3 35. Bh4 Rd1+ 36. Bxd1 Rxd1+ 0-1